000 01018nam a22002537a 4500
005 20100319094942.0
008 100319t xxu||||| |||| 00| 0 hin d
010 _aHIN-89173
020 _c275.00
_a9789380208039
035 _aHN-61519
037 _bDBAD / PUB
040 _aDPL
_bHN
082 _a
100 _aयादव, उषा
_9834
245 _aसुनो जयन्ती /
_cउषा यादव
246 _aSuno Jayanti
_bby Usha Yadav
260 _aदिल्ली
_bराही प्रकाशन
_c2009
270 _aएल-45, गली नं-5, करतार नगर
_bदिल्ली
_e110053
300 _a208पृ
_c22सेमी (सजिल्द)
650 _aलघु कथाएँ, हिन्दी
_91169
650 _aShort Stories, Hindi
_917352
942 _2ddc
_cHN
_mयादव
999 _c34784
_d34784